00615nam a22002057a 450000500170000001000130001702000220003003500130005203700160006504000120008108200170009324500470011026000470015727000620020430000260026650000510029265000210034365000290036470000160039320170124105944.0 aA-605725 c00.00a0195630920 aA-605725 bCen Lib/Ret aDPLbEN a200.954bREL aReligion In india /cedited by T.N. Madan  bOxford University Press c1992aNew Delhi  bNew Delhi aYMCA library buildimg, jai sngh road e110001 axvii, 460p.c21cm(Hb) aIncludes bibliographical references and index  aReligion--India  aSocial cultural aspects  aMadan, T.N.